| 000 | 00690nam a2200205Ia 4500 | ||
|---|---|---|---|
| 003 | GCL | ||
| 008 | 140319s9999 xx 000 0 ara d | ||
| 040 |
_aGCL / _cGCL |
||
| 082 | 0 | 4 |
_a301.01 _bم د |
| 100 | 1 | _aمحمد عاطف غيث | |
| 245 | 1 | 0 |
_aدراسات فى علم الاجتماع : نظريات وتطبيقات / _cمحمد عاطف غيث |
| 250 | _aالاولى | ||
| 260 |
_aالقاهرة : _bدار النهضة العربية للطباعة والنشر ، _c1985 |
||
| 300 |
_a320 ص ؛ _c24سم |
||
| 650 | 0 | 4 | _aالمجتمع |
| 650 | 0 | 4 | _aالانحراف |
| 650 | 0 | 4 | _aالاجتماع، علم |
| 650 | 0 | 4 | _aالتكامل الثقافى |
| 942 |
_2ddc _cBK |
||
| 999 |
_c45432 _d45432 |
||